Podnikateľské inkubátory ako prostriedok rozvoja a podpory malých a stredných podnikov v SR

Podpora malých a stredných podnikov prostredníctvom inovačných centier – inkubátorov. Sieť inkubátorov v Slovenskej republike. Siete podnikateľských a technologických inkubátorov vo svete.

Salvato in:
Dettagli Bibliografici
Autore principale: Nekolová, Veronika, 1984-
Natura: Capitolo di libro
Lingua:slovacco
Soggetti:
Tags: Aggiungi Tag
Nessun Tag, puoi essere il primo ad aggiungerne!!

MARC

LEADER 00000nla$a2200000$$$4500
001 0120647
005 20240502072348.7
041 0 |a slo 
044 |a SK 
245 1 0 |a Podnikateľské inkubátory ako prostriedok rozvoja a podpory malých a stredných podnikov v SR  |c Veronika Nekolová 
520 |a Podpora malých a stredných podnikov prostredníctvom inovačných centier – inkubátorov. Sieť inkubátorov v Slovenskej republike. Siete podnikateľských a technologických inkubátorov vo svete. 
610 2 0 |a inkubátory podnikateľské 
610 2 0 |a inkubátory technologické 
610 2 0 |a podnikanie malé 
610 2 0 |a podnikanie stredné 
610 2 0 |a podnik malý 
610 2 0 |a podnik stredný 
610 2 0 |a podpora podnikania 
610 2 0 |a Slovensko 
610 2 0 |a svet 
100 1 |a Nekolová, Veronika, 1984-